| 000 | 00900cam a22002534a 4500 | ||
|---|---|---|---|
| 001 | 13357744 | ||
| 005 | 20180111070156.0 | ||
| 008 | 030930m20039999wau b b 000 0 eng | ||
| 010 | _a 2003020894 | ||
| 020 | _a1885942311 (plastic ring binding : alk. paper) | ||
| 020 | _a1885942303 (v. 2. : cloth : alk. paper) | ||
| 040 |
_aDLC _cDLC _dDLC |
||
| 041 | _aeng | ||
| 042 | _alcac | ||
| 080 | _a422.471 LUN | ||
| 082 | 0 | 0 |
_a422.471 LUN _222 |
| 100 | 1 | _a46 | |
| 101 | _aEDU | ||
| 245 | 1 | 0 |
_aEnglish from the roots up : _cby Joegil K. Lundquist and Jeanne L. Lundquist. |
| 504 | _aIncludes bibliographical references. | ||
| 906 |
_a7 _bcbc _corignew _d1 _eecip _f20 _gy-gencatlg |
||
| 942 |
_2ddc _cBK |
||
| 999 |
_c40107 _d40107 |
||